000 00833nam0a22002531 4500
001 rc\1059179
005 20250622094407.0
035 _a(NLR Aleph) 006220041
090 _a6459985
_c6459985
100 _a20041129d1980 |||y0rusy50 ca
101 0 _arus
102 _aRU
105 _aa |||||||||
200 1 _aУстойчивость процедуры установки ускоряющих полей в многорезонаторном ускорителе ионов
210 _aМ.
_cИЯИ
_d1980
215 _a12 с.
_cграф.
_d29
225 1 _aПрепринт
_fАН СССР, Ин-т ядер. исслед.
_vП-0165
320 _aБиблиогр.: с. 12
700 1 _aДворцов
_bС.В.
801 0 _aRU
_bNLR
_gpsbo
801 1 _aRU
_bELAR
_2rusmarc
852 _aNLR
_j80-8/1146
942 _cBOOK
980 _aNB